000 00492nam a22001577a 4500
005 20251108171055.0
008 250721s1970 xx 000 0 ara d
082 1 4 _a962.405/علي
100 1 _aالأمين، علي عبد الرحمن
245 1 0 _aالديمقراطية و الإشتراكية في السودان /
264 1 _aبيروت :
_bالمكتبة العصرية،
_c1970.
300 _a177ص
650 1 7 _aتاريخ السودان
942 _2ddc
_cBK
999 _c55903
_d55903